| 000 | 00910nam a2200277 a 4500 | ||
|---|---|---|---|
| 001 | 13306 | ||
| 003 | BD-RjUL | ||
| 005 | 20211208235432.0 | ||
| 008 | 140130s1985 rm a b 001 0 eng d | ||
| 020 | _a0471900478 : | ||
| 035 | _a(BD-RjUL)13357 | ||
| 040 |
_aDLC _cDLC _dDLC _dBD-RjUL _beng |
||
| 041 | 1 | _aengrum | |
| 082 | 0 | 0 |
_a627.8 _219 _bEAR 1985 |
| 245 | 1 | 0 |
_aEarthquake engineering for large dams / _cby Radu Prișcu ... [et al.]. |
| 250 | _a2nd Rev Ed | ||
| 260 |
_aBucurești : _bEditora Academiei ; _aChichester ; _aNew York : _bJ. Wiley, _c1985 |
||
| 300 |
_a406 p. : _bill. ; _c25 cm. |
||
| 500 | _aTranslation of: Ingineria seismică a marilor baraje. | ||
| 504 | _aIncludes bibliographies and index. | ||
| 650 | 0 |
_aDams _xEarthquake effects. _941436 |
|
| 650 | 0 |
_aEarthquake engineering. _933131 |
|
| 700 | 1 |
_aPrișcu, Radu. _d1921- _941437 |
|
| 942 |
_2ddc _cBK |
||
| 999 |
_c13306 _d13306 |
||